[Event "IECG L1.2001.0.00020 email"]
[Site "IECG email"]
[Date "2001.??.??"]
[Round "?"]
[White "Saint Amour, Philippe"]
[Black "Barkwell, Michael C"]
[Result "0-1"]
[WhiteElo "1998"]
[BlackElo "1858"]
[PlyCount "66"]
[EventDate "2001.02.18"]
[EventType "tourn (corr)"]
[EventRounds "12"]
[SourceTitle "Corr 2008"]
[Source "ChessBase"]
[SourceDate "2008.06.24"]
[SourceVersion "1"]
[SourceVersionDate "2008.06.24"]
[SourceQuality "1"]

1. e4 e5 2. Nf3 Nc6 3. Bb5 a6 4. Ba4 Nf6 5. 0-0 Be7 6. Re1 b5 7. Bb3 d6 8. c3 Bg4 9. d3 0-0 10. Nbd2 Na5 11. Bc2 c5 12. Nf1 Nc6 13. Ne3 Bh5 14. Nd5 Nxd5 15. exd5 Na5 16. d4 cxd4 17. cxd4 exd4 18. h3 Bf6 19. Be4 Re8 20. g4 Bg6 21. Bxg6 hxg6 22. Rxe8+ Qxe8 23. g5 Bd8 24. Kg2 Bb6 25. Qd3 Nc4 26. Nxd4 Rc8 27. Nf3 Ne5 28. Qe2 Nxf3 29. Qxe8+ Rxe8 30. Kxf3 Re1 31. Rb1 a5 32. a3 a4 33. Kg2 Ba5 0-1

[Event "IECG CP.2000.P.00080"]
[Site "IECG email"]
[Date "2000.10.01"]
[Round "?"]
[White "Natera, Luis"]
[Black "Barkwell, Michael C"]
[Result "1/2-1/2"]
[WhiteElo "1466"]
[BlackElo "1868"]
[PlyCount "60"]
[EventDate "2000.10.01"]
[EventType "tourn (corr)"]
[EventRounds "6"]
[EventCountry "GER"]
[SourceTitle "Corr 2008"]
[Source "ChessBase"]
[SourceDate "2008.06.24"]
[SourceVersion "1"]
[SourceVersionDate "2008.06.24"]
[SourceQuality "1"]

1. e4 e5 2. Nc3 Nc6 3. f4 d6 4. Nf3 Nf6 5. Bb5 Bg4 6. d3 Be7 7. Bxc6+ bxc6 8. fxe5 dxe5 9. h3 Bxf3 10. Qxf3 Rb8 11. 0-0 Bc5+ 12. Kh2 0-0 13. Rb1 Ne8 14. a3 Nd6 15. Qg3 Qe7 16. Bg5 f6 17. Bd2 Bd4 18. Na4 f5 19. exf5 e4 20. Bg5 Qe5 21. Bf4 Qa5 22. Nc3 Nxf5 23. Bxc7 Nxg3 24. Rxf8+ Rxf8 25. Bxa5 Nf1+ 26. Kh1 exd3 27. cxd3 Ng3+ 28. Kh2 Nf1+ 29. Kh1 Ng3+ 30. Kh2 Nf1+ 1/2-1/2

[Event "IECG CP.2000.P.00080"]
[Site "IECG email"]
[Date "2000.10.01"]
[Round "?"]
[White "Sanchez, Luis"]
[Black "Barkwell, Michael C"]
[Result "1-0"]
[WhiteElo "1641"]
[BlackElo "1868"]
[PlyCount "121"]
[EventDate "2000.10.01"]
[EventType "tourn (corr)"]
[EventRounds "6"]
[EventCountry "GER"]
[SourceTitle "Corr 2008"]
[Source "ChessBase"]
[SourceDate "2008.06.24"]
[SourceVersion "1"]
[SourceVersionDate "2008.06.24"]
[SourceQuality "1"]

1. c4 Nf6 2. Nc3 g6 3. g3 Bg7 4. Bg2 0-0 5. d4 d6 6. Nf3 c5 7. 0-0 Nc6 8. d5 Na5 9. Nd2 b6 10. Qc2 Qd7 11. b3 a6 12. Bb2 b5 13. e4 Rb8 14. Rab1 Re8 15. Ne2 Nb7 16. f4 Qg4 17. Qd3 Na5 18. h3 Qh5 19. g4 Bxg4 20. hxg4 Nxg4 21. Qg3 Bxb2 22. Rxb2 bxc4 23. Bf3 f5 24. Rfb1 cxb3 25. axb3 Nb7 26. Nc4 a5 27. Kg2 Qh6 28. Bxg4 fxg4 29. Rh1 Qg7 30. Qxg4 Nd8 31. Rhb1 Rb4 32. Ra2 Nb7 33. Qh3 Qf7 34. Rh1 e6 35. dxe6 Rxe6 36. Qd3 Re8 37. Ra3 Rd8 38. Rd1 Re8 39. Rf1 Rd8 40. Nc3 a4 41. Nxa4 d5 42. exd5 Rxd5 43. Qf3 Qf5 44. Nab6 Rxb6 45. Ra8+ Nd8 46. Nxb6 Rd3 47. Rxd8+ Rxd8 48. Re1 Rd4 49. Qa8+ Kg7 50. Qb7+ Kf8 51. Qe7+ Kg8 52. Qe8+ Kg7 53. Qe5+ Qxe5 54. fxe5 Rg4+ 55. Kf3 Rb4 56. Nc4 Rxb3+ 57. Ke4 Kf7 58. Kd5 Ke7 59. Kxc5 Rd3 60. Re3 Rxe3 61. Nxe3 1-0

[Event "IECG L1.2000.0.00017 email"]
[Site "IECG email"]
[Date "2000.09.17"]
[Round "?"]
[White "Barkwell, Michael C"]
[Black "Baci, Vedran"]
[Result "1-0"]
[WhiteElo "1871"]
[BlackElo "1699"]
[PlyCount "99"]
[EventDate "2000.09.17"]
[EventType "tourn (corr)"]
[EventRounds "14"]
[SourceTitle "Corr 2008"]
[Source "ChessBase"]
[SourceDate "2008.06.24"]
[SourceVersion "1"]
[SourceVersionDate "2008.06.24"]
[SourceQuality "1"]

1. e4 d5 2. exd5 Qxd5 3. Nc3 Qa5 4. d4 c6 5. Nf3 Nf6 6. Bc4 Bf5 7. Bd2 e6 8. Qe2 Bb4 9. 0-0-0 Nbd7 10. a3 Bxc3 11. Bxc3 Qc7 12. Ne5 b5 13. Bd3 0-0 14. Bxf5 exf5 15. Qf3 Nd5 16. Qxf5 Nxc3 17. Nxd7 Nxd1 18. Nxf8 Rxf8 19. Kxd1 Rd8 20. Qe4 c5 21. Re1 h6 22. d5 Qxh2 23. Kc1 Qd6 24. Rd1 b4 25. a4 Qd7 26. b3 Qd6 27. f4 a6 28. g4 Qd7 29. g5 Qe8 30. Qxe8+ Rxe8 31. d6 Rd8 32. gxh6 gxh6 33. c4 Rd7 34. Rd5 Kg7 35. Kd2 Kg6 36. Ke3 f5 37. a5 h5 38. Kf3 Kf6 39. Kg3 Kg7 40. Kh4 Kg6 41. Rxc5 Rxd6 42. Rc8 Rd3 43. Rc6+ Kf7 44. Rxa6 Rxb3 45. Rb6 Ra3 46. a6 b3 47. c5 b2 48. Rb7+ Ke6 49. Rxb2 Rxa6 50. Rb6+ 1-0

[Event "IECG L1.2000.0.00017 email"]
[Site "IECG email"]
[Date "2000.09.17"]
[Round "?"]
[White "Barkwell, Michael C"]
[Black "Fabri, Peter"]
[Result "1/2-1/2"]
[WhiteElo "1871"]
[BlackElo "2066"]
[PlyCount "69"]
[EventDate "2000.09.17"]
[EventType "tourn (corr)"]
[EventRounds "14"]
[SourceTitle "Corr 2008"]
[Source "ChessBase"]
[SourceDate "2008.06.24"]
[SourceVersion "1"]
[SourceVersionDate "2008.06.24"]
[SourceQuality "1"]

1. e4 c5 2. Nc3 Nc6 3. g3 g6 4. Bg2 Bg7 5. d3 d6 6. f4 e6 7. Nf3 Nge7 8. 0-0 0-0 9. Be3 Nd4 10. e5 Nef5 11. Bf2 Qb6 12. Rb1 Nxf3+ 13. Qxf3 dxe5 14. fxe5 Bxe5 15. Ne4 Nd4 16. Qd1 f5 17. Nd2 Qc7 18. c3 Nb5 19. Qb3 Bd7 20. Nc4 Bg7 21. a4 Nd6 22. Nxd6 Qxd6 23. Qc4 Qc7 24. b4 Rfe8 25. Rfe1 Kf7 26. bxc5 Bc6 27. Bxc6 Qxc6 28. Bd4 Bxd4+ 29. Qxd4 Rac8 30. Re5 Rcd8 31. Qe3 Re7 32. Re1 Rd5 33. d4 Rxe5 34. Qxe5 Qxa4 35. Qh8 1/2-1/2

[Event "IECG L1.2000.0.00017 email"]
[Site "IECG email"]
[Date "2000.09.17"]
[Round "?"]
[White "Grazinys, Vidmantas"]
[Black "Barkwell, Michael C"]
[Result "1-0"]
[WhiteElo "2020"]
[BlackElo "1871"]
[PlyCount "43"]
[EventDate "2000.09.17"]
[EventType "tourn (corr)"]
[EventRounds "14"]
[SourceTitle "Corr 2008"]
[Source "ChessBase"]
[SourceDate "2008.06.24"]
[SourceVersion "1"]
[SourceVersionDate "2008.06.24"]
[SourceQuality "1"]

1. e4 e5 2. Nf3 Nc6 3. Bb5 a6 4. Bxc6 dxc6 5. 0-0 Qd6 6. Na3 Be6 7. Qe2 f6 8. Nc4 Qd7 9. Rd1 c5 10. c3 0-0-0 11. d4 exd4 12. cxd4 Qe8 13. Be3 Bxc4 14. Qxc4 Qxe4 15. Nd2 Qd5 16. dxc5 Ne7 17. Qe2 Qe6 18. Nf3 Rxd1+ 19. Rxd1 Nf5 20. Qd3 Be7 21. c6 Qxc6 22. Qxf5+ 1-0

[Event "IECG L1.2000.0.00010 email"]
[Site "IECG email"]
[Date "2000.03.05"]
[Round "?"]
[White "Bajek, Marek"]
[Black "Barkwell, Michael C"]
[Result "1-0"]
[WhiteElo "2027"]
[BlackElo "1922"]
[PlyCount "33"]
[EventDate "2000.03.05"]
[EventType "tourn (corr)"]
[EventRounds "14"]
[SourceTitle "Corr 2008"]
[Source "ChessBase"]
[SourceDate "2008.06.24"]
[SourceVersion "1"]
[SourceVersionDate "2008.06.24"]
[SourceQuality "1"]

1. e4 e5 2. Nf3 Nc6 3. d4 exd4 4. Nxd4 Bc5 5. Nxc6 bxc6 6. Bd3 d6 7. 0-0 Nf6 8. Bg5 0-0 9. Kh1 h6 10. Bh4 Bb7 11. f4 Re8 12. Qf3 Bb6 13. Nd2 Qe7 14. Rae1 c5 15. Qe2 Rad8 16. e5 dxe5 17. fxe5 1-0